[Event "Japfa Classic"]
[Site "Dempasar (Bali)"]"]
[Date "2000.04.28"]
[Round "6"]
[White "Ehlvest, Jaan"]
[Black "Seirawan, Yasser"]
[Result "1/2-1/2"]
[WhiteElo "2622"]
[BlackElo "2647"]
[PlyCount "95"]
[EventDate "2000.04.28"]

1. d4 Nf6 2. c4 e6 3. g3 Bb4+ 4. Bd2 Qe7 5. Nf3 Nc6 6. Bg2 Bxd2+ 7. Nbxd2 d6 8.
Nf1 O-O 9. Ne3 Qd8 10. O-O Ne7 11. Qc2 Bd7 12. Nd1 Rc8 13. b4 Bc6 14. Nc3 Bxf3
15. Bxf3 c6 16. Qb3 d5 17. e3 dxc4 18. Qxc4 Ned5 19. Ne2 Qe7 20. Rab1 e5 21.
dxe5 Qxe5 22. Qd4 Qb8 23. Rfd1 Nc7 24. Qc4 Ne6 25. Nd4 Nxd4 26. Rxd4 Rfd8 27.
Rbd1 h6 28. Kg2 Qc7 29. a4 Rxd4 30. Qxd4 b6 31. Rc1 c5 32. bxc5 bxc5 33. Qf4
Qxf4 34. gxf4 Kf8 35. Kf1 Ke7 36. Ke2 Ne8 37. h4 Nd6 38. Rb1 c4 39. Kd2 c3+ 40.
Kc2 Rc4 41. Ra1 a5 42. Bd5 Rc5 43. Rd1 Nc4 44. Rd4 Na3+ 45. Kc1 c2 46. Rd3 Nc4
47. Rc3 Rxd5 48. Rxc4 1/2-1/2

[Event "Japfa Classic"]
[Site "Dempasar (Bali)"]"]
[Date "2000.04.29"]
[Round "7"]
[White "Gunawan, Ruben"]
[Black "Polgar, Judit"]
[Result "1/2-1/2"]
[WhiteElo "2507"]
[BlackElo "2658"]
[PlyCount "91"]
[EventDate "2000.04.29"]

1. e4 c5 2. Nf3 d6 3. d4 cxd4 4. Nxd4 Nf6 5. Nc3 a6 6. f3 e6 7. Be3 b5 8. g4
Bb7 9. Qd2 Nfd7 10. O-O-O Nb6 11. Bg5 Be7 12. Bxe7 Qxe7 13. Nb3 Nc8 14. h4 Nd7
15. g5 O-O 16. Kb1 Ra7 17. Nd4 Ncb6 18. Ndxb5 axb5 19. Nxb5 Raa8 20. Qxd6 Qxd6
21. Rxd6 Rad8 22. Be2 Nc8 23. Rdd1 Ba6 24. a4 Nc5 25. b3 e5 26. Kb2 Ne7 27. Bc4
Nc6 28. Bd5 Bxb5 29. axb5 Nd4 30. f4 Nxb5 31. fxe5 Rb8 32. h5 32... Nc7 {} 33.
g6 hxg6 34. hxg6 N7e6 35. gxf7+ Kxf7 36. Ra1 Rfd8 37. Rh3 Ke7 38. Rg1 Rf8 39.
Rg6 Rf2 40. Kc3 Rc8 41. Kb2 Rb8 42. Rhg3 Rh2 43. Kc3 Rc8 44. Kb2 Rb8 45. Kc3
Rc8 46. Kb2 1/2-1/2

[Event "Japfa Classic"]
[Site "Dempasar (Bali)"]"]
[Date "2000.04.29"]
[Round "7"]
[White "Khalifman, Alexander"]
[Black "Adianto, Utut"]
[Result "1-0"]
[WhiteElo "2656"]
[BlackElo "2584"]
[PlyCount "75"]
[EventDate "2000.04.29"]

1. e4 c6 2. d4 d5 3. e5 Bf5 4. Nc3 e6 5. g4 Bg6 6. Nge2 c5 7. Be3 Nc6 8. dxc5
Nxe5 9. Nd4 Nf6 10. f4 Ned7 11. f5 exf5 12. c6 bxc6 13. Nxc6 Qc7 14. Bb5 a6 15.
Qe2 Qd6 16. Ba4 f4 17. Bxf4+ Qe6 18. g5 Qxe2+ 19. Kxe2 Nh5 20. Be3 Bf5 21. Nxd5
Bd6 22. Kf2 Bh3 23. Rad1 f6 24. Nb6 Nxb6 25. Bxb6 O-O 26. Rxd6 fxg5+ 27. Ke3
Rae8+ 28. Kd2 Nf6 29. Rd8 h5 30. Rxe8 Nxe8 31. Bc5 Rf4 32. Ne7+ Kf7 33. Bb3+
Be6 34. Bxe6+ Kxe6 35. Re1+ Kd7 36. Ng6 Rf5 37. Re7+ Kc6 38. Rxe8 1-0

[Event "Japfa Classic"]
[Site "Dempasar (Bali)"]"]
[Date "2000.04.29"]
[Round "7"]
[White "Zaw, Win Lay"]
[Black "Timman, Jan H"]
[Result "1/2-1/2"]
[WhiteElo "2633"]
[BlackElo "2655"]
[PlyCount "149"]
[EventDate "2000.04.29"]

1. e4 c5 2. Nf3 e6 3. d4 cxd4 4. Nxd4 a6 5. Bd3 Bc5 6. Nb3 Bb6 7. Qe2 d6 8. Be3
Nf6 9. Bxb6 Qxb6 10. O-O Nc6 11. Nc3 O-O 12. Rad1 Qc7 13. a4 b6 14. f4 Bb7 15.
Kh1 Rfd8 16. f5 Re8 17. fxe6 fxe6 18. Rde1 Ne5 19. Nd4 Qc5 20. Nf3 Nfd7 21. Qe3
Qxe3 22. Rxe3 Rac8 23. Rd1 Kf8 24. Kg1 Ke7 25. Nxe5 Nxe5 26. Be2 Rc5 27. Rh3 h6
28. Rg3 g6 29. Kf2 Rf8+ 30. Ke3 h5 31. h4 Rfc8 32. Kf4 Rb8 33. Rd2 Bc8 34. Re3
Ra8 35. Kg3 Bd7 36. Rd4 b5 37. axb5 axb5 38. Rb4 Rac8 39. Nxb5 Rxc2 40. Nd4
R2c7 41. Reb3 Rc1 42. Rb7 Kf6 43. R3b6 Bc6 44. Nxc6 R8xc6 45. Rxc6 Nxc6 46. Bf3
Nd4 47. Rd7 Ke5 48. Rd8 Rc2 49. Rg8 Ne2+ 50. Kh2 Kf6 51. Rf8+ Ke5 52. Rg8 Nf4
53. Rb8 Nd3 54. b4 Rb2 55. b5 Nc5 56. Rg8 Kf6 57. Rf8+ Ke7 58. Rg8 Kf7 59. Rd8
Rxb5 60. Rxd6 Rb4 61. g4 hxg4 62. Bxg4 Rxe4 63. Kh3 Re5 64. Rd4 Ne4 65. Bf3 Nf6
66. Ra4 Kg7 67. Kg3 Rf5 68. Ra7+ Kh6 69. Re7 e5 70. Kg2 g5 71. hxg5+ Kxg5 72.
Kg3 Nh5+ 73. Bxh5 Kxh5 74. Rg7 Kh6 75. Rg4 1/2-1/2

[Event "Japfa Classic"]
[Site "Dempasar (Bali)"]"]
[Date "2000.04.29"]
[Round "7"]
[White "Karpov, Anatoly"]
[Black "Ehlvest, Jaan"]
[Result "1-0"]
[WhiteElo "2696"]
[BlackElo "2622"]
[PlyCount "165"]
[EventDate "2000.04.29"]

1. d4 Nf6 2. c4 e6 3. Nf3 b6 4. g3 Ba6 5. b3 Bb4+ 6. Bd2 Be7 7. Bg2 c6 8. Bc3
d5 9. Ne5 Nfd7 10. Nxd7 Nxd7 11. Nd2 O-O 12. O-O Nf6 13. e4 b5 14. Re1 dxe4 15.
Qc2 Rc8 16. Rad1 Nd5 17. Bxe4 Nxc3 18. Qxc3 Bf6 19. c5 Bxd4 20. Qc2 f5 21. Bg2
Qf6 22. b4 Rcd8 23. Nf3 Bc3 24. Re3 Rxd1+ 25. Qxd1 Bc8 26. Qb3 Ba1 27. Ne1 Kh8
28. Nc2 f4 29. gxf4 g5 30. Bxc6 gxf4 31. Rd3 Qg6+ 32. Kf1 Bg7 33. Rd6 Qh5 34.
Qf3 Qxh2 35. Ne1 a6 36. Ke2 Qh6 37. Qe4 Qf6 38. Nf3 Qe7 39. Qd3 e5 40. Be4 Bf6
41. Qd5 Qg7 42. Qc6 Qf7 43. Ke1 Bg4 44. a3 Bxf3 45. Bxf3 e4 46. Bxe4 Qc4 47.
Qd5 Bc3+ 48. Kd1 Qf1+ 49. Kc2 Bg7 50. f3 Qe2+ 51. Qd2 Qc4+ 52. Kd1 Qb3+ 53. Ke2
Qc4+ 54. Qd3 Qa2+ 55. Kf1 Qa1+ 56. Qb1 Qc3 57. Rd3 Qf6 58. Ke2 Qh6 59. Rd7 Re8
60. Qd3 Qf6 61. Qd5 Qb2+ 62. Kf1 Qc1+ 63. Qd1 Qc4+ 64. Kf2 Qa2+ 65. Qd2 Qe6 66.
c6 Qh6 67. Qd3 Qh2+ 68. Kf1 Qh1+ 69. Ke2 Qh2+ 70. Kd1 Qg1+ 71. Kc2 Qa1 72. Rd8
Qb2+ 73. Kd1 Qa1+ 74. Ke2 Qb2+ 75. Kf1 Qa1+ 76. Kg2 Qa2+ 77. Kh1 Qa1+ 78. Kh2
Qa2+ 79. Qd2 Qxd2+ 80. Rxd2 Be5 81. Rd7 Rc8 82. Rxh7+ Kg8 83. Ra7 1-0

[Event "Japfa Classic"]
[Site "Dempasar (Bali)"]"]
[Date "2000.04.29"]
[Round "7"]
[White "Seirawan, Yasser"]
[Black "Milos, Gilberto"]
[Result "1/2-1/2"]
[WhiteElo "2647"]
[BlackElo "2620"]
[PlyCount "49"]
[EventDate "2000.04.29"]

1. d4 Nf6 2. c4 e6 3. Nc3 Bb4 4. Qc2 O-O 5. a3 Bxc3+ 6. Qxc3 b6 7. Bg5 Ba6 8.
e3 d6 9. Be2 Nbd7 10. Bf3 Rc8 11. b4 c6 12. Qb3 Qc7 13. Ne2 e5 14. Bxf6 Nxf6
15. dxe5 dxe5 16. Ng3 e4 17. Be2 17... c5 {} 18. Qa4 Bb7 19. O-O Bc6 20. b5
Bd7 21. Rfd1 Rcd8 22. Ra2 Be6 23. Rad2 Rxd2 24. Rxd2 g6 25. Qc2 1/2-1/2

[Event "Japfa Classic"]
[Site "Dempasar (Bali)"]"]
[Date "2000.04.30"]
[Round "8"]
[White "Polgar, Judit"]
[Black "Seirawan, Yasser"]
[Result "1/2-1/2"]
[WhiteElo "2658"]
[BlackElo "2647"]
[PlyCount "45"]
[EventDate "2000.04.30"]

1. e4 c6 2. d4 d5 3. Nc3 dxe4 4. Nxe4 Nd7 5. Ng5 e6 6. Bd3 Be7 7. N1f3 h6 8.
Ne4 Ngf6 9. Nxf6+ Bxf6 10. O-O b6 11. Bf4 Bb7 12. Be4 Qc8 13. Qe2 O-O 14. c4 c5
15. d5 exd5 16. Bxd5 Re8 17. Qc2 b5 18. Rae1 Rxe1 19. Rxe1 19... bxc4 {} 20.
Bxf7+ Kxf7 21. Qxc4+ Kg6 22. Qd3+ Kf7 23. Qc4+ 1/2-1/2

[Event "Japfa Classic"]
[Site "Dempasar (Bali)"]"]
[Date "2000.04.30"]
[Round "8"]
[White "Adianto, Utut"]
[Black "Gunawan, Ruben"]
[Result "1/2-1/2"]
[WhiteElo "2584"]
[BlackElo "2507"]
[PlyCount "55"]
[EventDate "2000.04.30"]

1. d4 e6 2. c4 c5 3. e3 Nf6 4. Nc3 d5 5. Nf3 Nc6 6. a3 a6 7. dxc5 Bxc5 8. b4
Ba7 9. Bb2 O-O 10. Qc2 Qe7 11. Be2 dxc4 12. Bxc4 b5 13. Bd3 Bb7 14. Ne4 Nxe4
15. Bxe4 {} 15... Rac8 16. Bxh7+ Kh8 17. Bd3 Nxb4 18. Qe2 Nxd3+ 19. Qxd3 Rfd8
20. Qe2 Be4 21. Nd4 Qg5 22. f4 Qg6 23. Qf2 f6 24. Qg3 e5 25. fxe5 fxe5 26. Ne2
Kg8 27. Bxe5 Rc2 28. Bd4 1/2-1/2

[Event "Japfa Classic"]
[Site "Dempasar (Bali)"]"]
[Date "2000.04.30"]
[Round "8"]
[White "Timman, Jan H"]
[Black "Khalifman, Alexander"]
[Result "0-1"]
[WhiteElo "2655"]
[BlackElo "2656"]
[PlyCount "52"]
[EventDate "2000.04.30"]

1. e4 e6 2. d4 d5 3. Nc3 Bb4 4. e5 c5 5. a3 5... Ba5 {} 6. b4 cxd4 7. Qg4 Ne7
8. Nb5 Bc7 9. Qxg7 Rg8 10. Qxh7 a6 11. Nxc7+ Qxc7 12. Bb2 Qxe5+ 13. Ne2 Qc7 14.
Ng3 e5 15. Be2 Be6 16. f4 exf4 17. Nh5 Qe5 18. O-O Bf5 19. Qh6 Rg6 20. Qxf4
Rxg2+ 21. Kxg2 Qxe2+ 22. Kg3 Qxh5 23. Bxd4 Nbc6 24. Rae1 Nxd4 25. Qxd4 Qh3+ 26.
Kf2 Qxh2+ 0-1

[Event "Japfa Classic"]
[Site "Dempasar (Bali)"]"]
[Date "2000.04.30"]
[Round "8"]
[White "Karpov, Anatoly"]
[Black "Zaw, Win Lay"]
[Result "1/2-1/2"]
[WhiteElo "2696"]
[BlackElo "2633"]
[PlyCount "144"]
[EventDate "2000.04.30"]

1. Nf3 Nf6 2. c4 e6 3. Nc3 d5 4. d4 c5 5. cxd5 Nxd5 6. e4 Nxc3 7. bxc3 cxd4 8.
cxd4 Bb4+ 9. Bd2 Bxd2+ 10. Qxd2 Nc6 11. Bc4 O-O 12. O-O b6 13. Rfe1 Bb7 14. d5
exd5 15. Bxd5 Na5 16. Rad1 Bxd5 17. Qb4 Re8 18. Rxd5 Qe7 19. Qxe7 Rxe7 20. Nd4
Rc8 21. f3 g6 22. Re2 Rc1+ 23. Kf2 Kg7 24. g3 Nc6 25. Nc2 Rc7 26. f4 Ne5 27.
Ne3 Nc4 28. Ng2 a6 29. g4 b5 30. e5 Nb6 31. Rd6 R1c6 32. Rdd2 Nc4 33. Rd4 Re7
34. Rd8 g5 35. fxg5 Rxe5 36. h4 Rxe2+ 37. Kxe2 Rd6 38. Rxd6 Nxd6 39. Kd3 f6 40.
gxf6+ Kxf6 41. Kd4 Nc4 42. Nf4 Ne5 43. Nd5+ Ke6 44. Nc7+ Kd6 45. Ne8+ Ke6 46.
Ng7+ Kf6 47. Ne8+ Ke6 48. Nc7+ Kd6 49. Nxa6 Nxg4 50. Ke4 Nf6+ 51. Kf5 Nd5 52.
Kg5 Nc3 53. Nb4 Ne4+ 54. Kh6 Ng3 55. Kg5 Ne4+ 56. Kf5 Ng3+ 57. Kf4 Nh5+ 58. Kg5
Ng3 59. Kf4 Nh5+ 60. Kg4 Nf6+ 61. Kf5 Nh5 62. Nc2 Kc5 63. Ne3 Kd4 64. Nf1 b4
65. Kg5 Ng7 66. Ng3 Kc3 67. Kh6 Ne6 68. Kxh7 Kb2 69. h5 Kxa2 70. Ne4 b3 71. Nd2
b2 72. h6 b1=Q+ 1/2-1/2

[Event "Japfa Classic"]
[Site "Dempasar (Bali)"]"]
[Date "2000.04.30"]
[Round "8"]
[White "Ehlvest, Jaan"]
[Black "Milos, Gilberto"]
[Result "0-1"]
[WhiteElo "2622"]
[BlackElo "2620"]
[PlyCount "72"]
[EventDate "2000.04.30"]

1. e4 c5 2. Nf3 d6 3. d4 cxd4 4. Nxd4 Nf6 5. Nc3 Nc6 6. Bc4 e6 7. Be3 Be7 8.
Bb3 O-O 9. f4 Nxd4 10. Bxd4 b5 11. e5 dxe5 12. fxe5 12... Nd7 {} 13. Qf3 Rb8
14. Bxa7 Bh4+ 15. g3 Bb7 16. Qh5 Bxh1 17. Bxb8 Bg5 18. Bc7 Qxc7 19. Qxg5 b4 20.
Nb5 Qc5 21. O-O-O Bf3 22. Rxd7 Qg1+ 23. Kd2 Qxh2+ 24. Kd3 Qe2+ 25. Kd4 Qd1+ 26.
Kc5 Qxd7 27. Kxb4 Rb8 28. a4 Qd4+ 29. Ka3 Qc5+ 30. Ka2 Bd5 31. Bxd5 Qxd5+ 32.
b3 f6 33. Qe3 Qxe5 34. Qxe5 fxe5 35. Nd6 Rd8 36. Ne4 Rd4 0-1

[Event "Japfa Classic"]
[Site "Dempasar (Bali)"]"]
[Date "2000.05.02"]
[Round "9"]
[White "Milos, Gilberto"]
[Black "Polgar, Judit"]
[Result "0-1"]
[WhiteElo "2620"]
[BlackElo "2658"]
[PlyCount "88"]
[EventDate "2000.05.02"]

1. e4 c5 2. Nf3 d6 3. d4 cxd4 4. Nxd4 Nf6 5. Nc3 a6 6. Bc4 e6 7. Bb3 b5 8. O-O
Be7 9. Qf3 Qb6 10. Be3 Qb7 11. Qg3 Nbd7 12. f3 Nc5 13. Rfd1 Bd7 14. Kh1 b4 15.
Nce2 O-O 16. Bh6 Ne8 17. c4 bxc3 18. Nxc3 Bf6 19. Bg5 Bxd4 20. Rxd4 Nxb3 21.
axb3 f6 22. Bd2 Qxb3 23. Nd1 a5 24. Qe1 Qb6 25. Rd3 a4 26. Bb4 Rf7 27. Qd2 Bb5
28. Rd4 e5 29. Rd5 Rb7 30. Bc3 Bc6 31. Rd3 Qa6 32. Ne3 Bb5 33. Rd5 Qb6 34. Nf5
Ra6 35. Rd1 Bc4 36. Nxd6 Nxd6 37. Rxd6 Qxd6 38. Qxd6 Rxd6 39. Rxd6 a3 40. b4
Rc7 41. Kg1 Bb5 42. Bd2 a2 43. Rd8+ Kf7 44. Ra8 Rc2 0-1

[Event "Japfa Classic"]
[Site "Dempasar (Bali)"]"]
[Date "2000.05.02"]
[Round "9"]
[White "Seirawan, Yasser"]
[Black "Adianto, Utut"]
[Result "1/2-1/2"]
[WhiteElo "2647"]
[BlackElo "2584"]
[PlyCount "41"]
[EventDate "2000.05.02"]

1. d4 d5 2. c4 dxc4 3. e3 Nf6 4. Bxc4 g6 5. Nf3 Bg7 6. O-O O-O 7. b4 Ne4 8.
Nbd2 Nd6 9. Bd3 Nc6 10. Rb1 a5 11. a3 axb4 12. axb4 Bd7 13. Ne4 Na7 14. Nxd6
cxd6 15. b5 Nc8 16. Bd2 Nb6 17. Ra1 Qb8 18. Ba5 Qa7 19. Bc3 Qb8 20. Ba5 Qa7 21.
Bc3 1/2-1/2

[Event "Japfa Classic"]
[Site "Dempasar (Bali)"]"]
[Date "2000.05.02"]
[Round "9"]
[White "Gunawan, Ruben"]
[Black "Timman, Jan H"]
[Result "0-1"]
[WhiteElo "2507"]
[BlackElo "2655"]
[PlyCount "112"]
[EventDate "2000.05.02"]

1. d4 Nf6 2. c4 e6 3. Nf3 b6 4. Nc3 Bb4 5. Qb3 c5 6. a3 Ba5 7. Bg5 Bb7 8. Rd1
Bxc3+ 9. bxc3 Qe7 10. d5 d6 11. e3 Nbd7 12. Be2 h6 13. Bh4 e5 14. Nd2 e4 15.
Qc2 O-O-O 16. g4 g5 17. Bg3 Rde8 18. h4 Rhg8 19. hxg5 hxg5 20. Kf1 Rg6 21. Kg2
Kb8 22. a4 a5 23. Rh3 Ba6 24. Re1 Kc7 25. Qb1 Ng8 26. Reh1 Ndf6 27. Qd1 Bc8 28.
Rh8 Ba6 29. R1h3 Nd7 30. Qb1 Ngf6 31. Bd1 Rgg8 32. Rxg8 Rxg8 33. Bc2 Re8 34.
Rh6 Kb7 35. Kg1 Ka7 36. Kg2 Ne5 37. Nxe4 Nxe4 38. Bxe4 Nxg4 39. Rxd6 Qxe4+ 40.
Qxe4 Rxe4 41. Rd7+ Bb7 42. Bc7 Ne5 43. Bxe5 Rxe5 44. Rxf7 Re4 45. Kf3 Rxc4 46.
e4 Ka6 47. Rg7 Rxa4 48. Rxg5 Rc4 49. Kf4 Rxc3 50. d6 Rc4 51. f3 Rd4 52. Ke5 a4
53. Ke6 a3 54. Rg1 b5 55. Ke7 b4 56. e5 b3 0-1

[Event "Japfa Classic"]
[Site "Dempasar (Bali)"]"]
[Date "2000.05.02"]
[Round "9"]
[White "Khalifman, Alexander"]
[Black "Karpov, Anatoly"]
[Result "1/2-1/2"]
[WhiteElo "2656"]
[BlackElo "2696"]
[PlyCount "127"]
[EventDate "2000.05.02"]

1. e4 e5 2. Nf3 Nf6 3. Nxe5 d6 4. Nf3 Nxe4 5. d4 d5 6. Bd3 Be7 7. O-O Nc6 8. c4
Nb4 9. Be2 O-O 10. Nc3 Be6 11. Ne5 f6 12. Nf3 c5 13. Be3 Rc8 14. dxc5 Bxc5 15.
Bxc5 Rxc5 16. Qb3 a5 17. Rad1 Qe7 18. Na4 Bf7 19. Qe3 Rc7 20. a3 Na6 21. cxd5 {
} 21... Nd6 22. Qxe7 Rxe7 23. Bxa6 bxa6 24. Nd4 Bxd5 25. Nf5 Nxf5 26. Rxd5 Re5
27. Rxe5 fxe5 28. Re1 Re8 29. Kf1 Kf7 30. Nc5 Re7 31. Nxa6 Ke6 32. f4 Kd5 33.
Rxe5+ Rxe5 34. fxe5 Ne3+ 35. Kg1 Nc4 36. b4 a4 37. Nc5 Kxe5 38. Nxa4 Nxa3 39.
Nc5 Kd5 40. Kf2 Nc2 41. Na6 Kc6 42. Kg3 Kb5 43. Nc7+ Kc6 44. Ne6 Nxb4 45. Nxg7
Kd6 46. Kg4 Nd5 47. Kg5 h6+ 48. Kg4 Ke5 49. Nh5 Ne3+ 50. Kf3 Nc2 51. g4 Nd4+
52. Kf2 Ne6 53. Ke3 Nc7 54. h3 Ne6 55. h4 Nc7 56. Nf4 Nb5 57. Nh5 Nc7 58. Ng3
Nd5+ 59. Kf3 Nc7 60. h5 Ne6 61. Nf5 Ng5+ 62. Ke3 Nf7 63. Nd4 Kf6 64. Kf4 {}
1/2-1/2

[Event "Japfa Classic"]
[Site "Dempasar (Bali)"]"]
[Date "2000.05.02"]
[Round "9"]
[White "Zaw, Win Lay"]
[Black "Ehlvest, Jaan"]
[Result "1-0"]
[WhiteElo "2633"]
[BlackElo "2622"]
[PlyCount "123"]
[EventDate "2000.05.02"]

1. e4 g6 2. d4 d6 3. Nc3 c6 4. Nf3 Bg7 5. Be2 Nd7 6. O-O Qc7 7. Be3 Ngf6 8. h3
O-O 9. Qd2 b5 10. a3 Bb7 11. Nh2 a6 12. Ng4 c5 13. f3 Nh5 14. Rfe1 Nb6 15. Bf2
Kh8 16. Rad1 Rad8 17. Bf1 Bc8 18. Qe3 cxd4 19. Rxd4 Be6 20. e5 Nc8 21. f4 dxe5
22. Rxd8 Rxd8 23. fxe5 Rd7 24. a4 bxa4 25. Bxa6 a3 26. Nb5 Qc6 27. Bxc8 Qxc8
28. Nxa3 Qb7 29. c4 h6 30. b3 g5 31. Nb5 Nf4 32. Qe4 Qxe4 33. Rxe4 h5 34. Nh2
Bf5 35. Re1 Nd3 36. Rd1 Nxf2 37. Rxd7 Nxh3+ 38. gxh3 Bxd7 39. Nf3 Kg8 40. e6
Bxe6 41. Nxg5 Bd7 42. h4 f5 43. Nc7 Bd4+ 44. Kf1 e5 45. Nd5 Kg7 46. b4 f4 47.
Ke2 Bg4+ 48. Kf1 f3 49. c5 Kg6 50. c6 f2 51. b5 Kh6 52. Nf6 Bd1 53. Nfe4 Ba4
54. Nf7+ Kg6 55. Nfd6 Bb6 56. Nxf2 56... Kf6 {} 57. c7 Bxc7 58. Ne8+ Ke7 59.
Nxc7 Kd7 60. b6 Kc6 61. Nd5 Bb3 62. Nd3 1-0